| 000 | 00830nam a2200277Ia 4500 | ||
|---|---|---|---|
| 001 | Para_1845 | ||
| 003 | CHAP | ||
| 008 | 220125s1990 xx 000 0 und d | ||
| 010 | _a200492 | ||
| 040 | _cCHAP | ||
| 082 | _aPA 635.932 T5 | ||
| 100 |
_aThomas, Graham Stuart _9112828 |
||
| 245 |
_aPeremial garden plants or the modern florilegium : _b a concise account of herbaceous plants, including bulbs, for general garden use / _c by Graham Stuart Thomas |
||
| 250 | _a3a. | ||
| 260 |
_aPortland, Oregon : _b Saga Press |
||
| 300 | _a463 p. | ||
| 650 |
_aPlantas ornamentales _989056 |
||
| 650 |
_aPlantas perenes _9165368 |
||
| 901 | _aPA 635.932 T5 | ||
| 902 | _aA | ||
| 905 | _a0000001990 a 0000000000 00 | ||
| 910 | _a1990 | ||
| 942 | _cPARA | ||
| 942 |
_cPARA _d1 |
||
| 999 |
_c200492 _d200492 |
||